[Event "FIN-chT 2223"]
[Site "Finland"]
[Date "2022.10.16"]
[Round "4.6"]
[White "Uimonen, Matti"]
[Black "Pelto, Juho"]
[Result "1/2-1/2"]
[WhiteElo "2062"]
[BlackElo "2071"]
[PlyCount "77"]
[EventDate "2022.09.24"]
[EventType "team-tourn"]
[EventRounds "11"]
[EventCountry "FIN"]
[SourceTitle "EXT 2024"]
[Source "ChessBase"]
[SourceDate "2023.10.10"]
[SourceVersion "1"]
[SourceVersionDate "2023.10.10"]
[SourceQuality "1"]
[WhiteTeam "Helsinki HSK"]
[BlackTeam "Salo SalSK"]
[WhiteTeamCountry "FIN"]
[BlackTeamCountry "FIN"]

1. d4 d5 2. Bf4 Nf6 3. Nf3 c5 4. e3 Nc6 5. Nc3 Bg4 6. Be2 e6 7. h3 Bxf3 8. Bxf3 cxd4 9. exd4 Qb6 10. Ne2 Qxb2 11. 0-0 Be7 12. Qd3 Qa3 13. Qb5 Qb4 14. Rab1 Qxb5 15. Rxb5 0-0-0 16. Rfb1 b6 17. c4 Bd6 18. Bg5 Ne7 19. c5 Bc7 20. cxb6 axb6 21. Nc3 Kd7 22. R5b3 Nc6 23. Nb5 Na5 24. Rb4 Nc4 25. Be2 Nd6 26. Nxc7 Kxc7 27. Rxb6 Rb8 28. R6b3 Rxb3 29. Rxb3 Rb8 30. Ra3 Rb1+ 31. Bf1 Kb7 32. Rb3+ Rxb3 33. axb3 Nfe4 34. Be3 Kc6 35. f3 Nc3 36. Kf2 Nf5 37. Bd2 Nb5 38. Bxb5+ Kxb5 39. Bc3 1/2-1/2

[Event "FIN-chT 1920"]
[Site "Finland"]
[Date "2019.10.20"]
[Round "4.6"]
[White "Valkama, Eero"]
[Black "Uimonen, Matti"]
[Result "1-0"]
[WhiteElo "2222"]
[BlackElo "2073"]
[PlyCount "145"]
[EventDate "2019.09.14"]
[EventType "team-tourn"]
[EventRounds "11"]
[EventCountry "FIN"]
[SourceTitle "CBM 192 Extra"]
[Source "Chessbase"]
[SourceDate "2019.11.06"]
[SourceVersion "1"]
[SourceVersionDate "2019.11.06"]
[SourceQuality "1"]
[WhiteTeam "Salo SalSK"]
[BlackTeam "Helsinki HSK"]
[WhiteTeamCountry "FIN"]
[BlackTeamCountry "FIN"]

1. e4 d5 2. exd5 Qxd5 3. Nc3 Qd6 4. d4 Nf6 5. Nf3 c6 6. Ne5 e6 7. Be2 Nbd7 8. Bf4 Qb4 9. Nc4 Nd5 10. a3 Nxc3 11. Qd2 Ne4 12. Qxb4 Bxb4+ 13. axb4 0-0 14. 0-0 Nef6 15. Na5 Re8 16. Rfe1 h6 17. h3 Nd5 18. Bd2 N7f6 19. Bf3 Rd8 20. c3 Ne7 21. Bf4 Nfd5 22. Bd2 b6 23. Nc4 Bb7 24. Ne5 a6 25. Kh2 Rac8 26. g4 g5 27. Kg3 Kg7 28. h4 f6 29. Nd3 Kf7 30. Rh1 Rh8 31. c4 Nc7 32. Be4 Rcg8 33. hxg5 hxg5 34. Rxh8 Rxh8 35. f4 gxf4+ 36. Bxf4 Ne8 37. b5 a5 38. b4 cxb5 39. Bxb7 bxc4 40. bxa5 bxa5 41. Nb2 c3 42. Nc4 Rg8 43. Kf3 Rh8 44. Rc1 Rh3+ 45. Bg3 f5 46. g5 f4 47. Kxf4 Nf5 48. Bf2 a4 49. Be4 Neg7 50. Ne5+ Ke7 51. Bf3 Rh2 52. Bg1 Rh4+ 53. Bg4 Rh1 54. Nf3 Nd6 55. Rxc3 Nge8 56. Ra3 Nc7 57. Kg3 Rh8 58. Rxa4 Ne4+ 59. Kf4 Nc3 60. Ra7 Kd6 61. Kg3 N3b5 62. Ra5 Rg8 63. Bh2 Kc6 64. Kg2 Kb6 65. Bxc7+ Nxc7 66. Re5 Rg6 67. Nh4 Rg8 68. Bxe6 Rh8 69. Ng6 Rh7 70. Nf4 Kc6 71. g6 Rg7 72. Bf7 Kd6 73. Nh5 1-0

[Event "FIN-chT 1920"]
[Site "Finland"]
[Date "2019.10.19"]
[Round "3.7"]
[White "Linden, Lari"]
[Black "Uimonen, Matti"]
[Result "1/2-1/2"]
[WhiteElo "2161"]
[BlackElo "2073"]
[PlyCount "45"]
[EventDate "2019.09.14"]
[EventType "team-tourn"]
[EventRounds "11"]
[EventCountry "FIN"]
[SourceTitle "CBM 192 Extra"]
[Source "Chessbase"]
[SourceDate "2019.11.06"]
[SourceVersion "1"]
[SourceVersionDate "2019.11.06"]
[SourceQuality "1"]
[WhiteTeam "Turku TuTS"]
[BlackTeam "Helsinki HSK"]
[WhiteTeamCountry "FIN"]
[BlackTeamCountry "FIN"]

1. d4 d6 2. Nf3 Nf6 3. c4 g6 4. g3 Bg7 5. Nc3 0-0 6. Bg2 c6 7. 0-0 d5 8. cxd5 cxd5 9. Ne5 Nc6 10. f4 e6 11. Be3 Bd7 12. Qd2 Rb8 13. Rfc1 h5 14. Rab1 Ng4 15. h3 Nxe3 16. Qxe3 Ne7 17. Qf2 f6 18. Nd3 b6 19. Rd1 Bc6 20. Rbc1 Rc8 21. e3 Qd7 22. Rd2 Bb7 23. Bf3 1/2-1/2

[Event "FIN-chT1A 1819"]
[Site "Finland"]
[Date "2018.12.08"]
[Round "4.7"]
[White "Perho, Aki"]
[Black "Uimonen, Matti"]
[Result "1/2-1/2"]
[WhiteElo "1832"]
[BlackElo "2082"]
[PlyCount "81"]
[EventDate "2018.09.15"]
[EventType "team-tourn"]
[EventRounds "7"]
[EventCountry "FIN"]
[SourceTitle "EXT 2020"]
[Source "ChessBase"]
[SourceDate "2019.10.17"]
[SourceVersion "1"]
[SourceVersionDate "2019.10.17"]
[SourceQuality "1"]
[WhiteTeam "Pori PSY"]
[BlackTeam "Helsinki HSK"]
[WhiteTeamCountry "FIN"]
[BlackTeamCountry "FIN"]

1. Nf3 d5 2. d4 e6 3. c4 Nf6 4. Nc3 Be7 5. Bg5 c6 6. e3 h6 7. Bh4 Nbd7 8. Rc1 0-0 9. cxd5 exd5 10. Bd3 Re8 11. 0-0 Nf8 12. Ne5 N6d7 13. Bxe7 Qxe7 14. Nxd7 Bxd7 15. a3 Rad8 16. b4 a6 17. Na4 Qg5 18. Qf3 h5 19. Qg3 Qf6 20. Nc5 Bc8 21. Be2 g6 22. Bxh5 Qg7 23. Be2 Ne6 24. Bg4 f5 25. Nxe6 Rxe6 26. Bf3 Rf8 27. h4 Ree8 28. Qg5 f4 29. exf4 Rf5 30. Qg3 Qf6 31. Rfe1 Rf8 32. Re5 Rxf4 33. Rg5 Kf7 34. h5 gxh5 35. Bxh5+ Ke7 36. Re1+ Kd8 37. Rge5 Bd7 38. Bf3 Rxd4 39. Qg5 Rd3 40. R1e3 Rxe3 41. fxe3 1/2-1/2

[Event "FIN-chT1B 1617"]
[Site "Finland"]
[Date "2016.10.09"]
[Round "2.2"]
[White "Uimonen, Matti"]
[Black "Lehtivaara, Risto"]
[Result "0-1"]
[WhiteElo "2092"]
[BlackElo "2163"]
[PlyCount "90"]
[EventDate "2016.09.17"]
[EventType "team-tourn"]
[EventRounds "7"]
[EventCountry "FIN"]
[SourceTitle "EXT 2019"]
[Source "ChessBase"]
[SourceDate "2018.10.10"]
[SourceVersion "1"]
[SourceVersionDate "2018.10.10"]
[SourceQuality "1"]
[WhiteTeam "Helsinki HSK II"]
[BlackTeam "Espoo MatSK II"]
[WhiteTeamCountry "FIN"]
[BlackTeamCountry "FIN"]

1. d4 d5 2. c4 e6 3. Nc3 c6 4. e3 f5 5. cxd5 exd5 6. Qc2 Bd6 7. Bd3 Ne7 8. Bd2 0-0 9. Nge2 Nd7 10. 0-0-0 Nf6 11. f3 b5 12. Ng3 Rf7 13. Nce2 g6 14. h4 Qc7 15. Be1 Bd7 16. h5 c5 17. hxg6 hxg6 18. dxc5 Qxc5 19. Nd4 f4 20. Qxc5 Bxc5 21. Nge2 Rc8 22. Kd2 fxe3+ 23. Kxe3 Nf5+ 24. Bxf5 Bxf5 25. g4 Re8+ 26. Kf2 Nxg4+ 27. Kg3 Bd6+ 28. Nf4 Ne3 29. Nxb5 Bxf4+ 30. Kxf4 Bd3+ 31. Kg3 Bxb5 32. Bc3 Rh7 33. Rxh7 Kxh7 34. Rh1+ Kg8 35. Rh8+ Kf7 36. Rh7+ Ke6 37. Rxa7 d4 38. Bb4 Nd1 39. a4 Bc6 40. Ba3 d3 41. Ra6 Kd7 42. Ra7+ Kc8 43. Bd6 Bb7 44. Ra5 d2 45. Bb4 Nc3 0-1

[Event "FIN-chT 1516"]
[Site "Finland"]
[Date "2016.02.06"]
[Round "7.6"]
[White "Sorsa, Nuutti"]
[Black "Uimonen, Matti"]
[Result "1-0"]
[WhiteElo "2237"]
[BlackElo "2091"]
[PlyCount "139"]
[EventDate "2015.09.12"]
[EventType "team-tourn"]
[EventRounds "11"]
[EventCountry "FIN"]
[SourceTitle "EXT 2017"]
[Source "ChessBase"]
[SourceDate "2016.10.25"]
[SourceVersion "1"]
[SourceVersionDate "2016.10.25"]
[SourceQuality "1"]
[WhiteTeam "Turku TuTS"]
[BlackTeam "Helsinki HSK"]
[WhiteTeamCountry "FIN"]
[BlackTeamCountry "FIN"]

1. c4 Nf6 2. g3 g6 3. Bg2 Bg7 4. Nc3 0-0 5. e4 e5 6. Nge2 Nc6 7. 0-0 d6 8. d3 Bd7 9. h3 a6 10. a4 Rb8 11. Be3 Ne7 12. f4 Nh5 13. fxe5 dxe5 14. g4 Nf6 15. b4 Ne8 16. Qd2 Nc6 17. Nd5 Nd4 18. Nxd4 exd4 19. Bg5 f6 20. Bf4 Rc8 21. a5 Be6 22. Rae1 Qd7 23. Qf2 Rd8 24. Qg3 Rf7 25. Re2 g5 26. Bc1 h6 27. Bb2 c6 28. Nb6 Qc7 29. Qxc7 Nxc7 30. Ba3 Na8 31. Ref2 Nxb6 32. axb6 Ra8 33. Bb2 Rd8 34. Rf3 Rdd7 35. R1f2 Rd8 36. Kf1 Rdd7 37. Ke2 Kh7 38. Kd1 h5 39. Rg3 Bf8 40. c5 a5 41. Ba3 hxg4 42. bxa5 gxh3 43. Bxh3 Bxh3 44. Rxh3+ Kg6 45. Rhf3 Rde7 46. Rf5 Bg7 47. Bc1 Re8 48. Bxg5 Rh8 49. Bc1 Rd7 50. Kc2 Rh3 51. Bb2 Rd8 52. Ba3 Rg3 53. Bb4 Rg1 54. Kb3 Rb1+ 55. Rb2 Ra1 56. Rff2 Rc1 57. Rbc2 Ra1 58. Kc4 Bh6 59. Ra2 Rc1+ 60. Rfc2 Rxc2+ 61. Rxc2 Be3 62. Ra2 Ra8 63. Be1 f5 64. Rg2+ Kf6 65. exf5 Kxf5 66. Rg7 Rb8 67. Bg3 Ra8 68. Rxb7 Rxa5 69. Rf7+ Ke6 70. Ra7 1-0

[Event "FIN-chT1A 1516"]
[Site "Finland"]
[Date "2015.10.10"]
[Round "3.3"]
[White "Uimonen, Matti"]
[Black "Alho, Mikko"]
[Result "1-0"]
[WhiteElo "2073"]
[BlackElo "1940"]
[PlyCount "71"]
[EventDate "2015.09.12"]
[EventType "team-tourn"]
[EventRounds "8"]
[EventCountry "FIN"]
[SourceTitle "EXT 2017"]
[Source "ChessBase"]
[SourceDate "2016.10.25"]
[SourceVersion "1"]
[SourceVersionDate "2016.10.25"]
[SourceQuality "1"]
[WhiteTeam "Helsinki HSK II"]
[BlackTeam "Vaasa VSS"]
[WhiteTeamCountry "FIN"]
[BlackTeamCountry "FIN"]

1. d4 Nf6 2. c4 g6 3. Nc3 Bg7 4. e4 d6 5. f3 0-0 6. Be3 c5 7. dxc5 dxc5 8. Qxd8 Rxd8 9. Bxc5 Nc6 10. Nge2 Nd7 11. Ba3 a5 12. 0-0-0 Nde5 13. Rxd8+ Nxd8 14. Ng3 Be6 15. Nd5 Ndc6 16. f4 Bh6 17. Kb1 Nd7 18. f5 gxf5 19. Nxf5 Bxf5 20. exf5 e6 21. fxe6 fxe6 22. Ne7+ Nxe7 23. Bxe7 Kf7 24. Bd6 Rg8 25. g3 Bf8 26. Bc7 Rg5 27. Bf4 Rc5 28. Be2 Bg7 29. Rd1 Ne5 30. b3 Bf6 31. Be3 Rc6 32. Bh5+ Ke7 33. Bc1 Nd7 34. Ba3+ Kd8 35. Bf3 Rb6 36. Bc5 1-0

[Event "FIN-chT1B 1415"]
[Site "Finland"]
[Date "2014.11.16"]
[Round "4.1"]
[White "Uimonen, Matti"]
[Black "Chernyak, Viktoria"]
[Result "0-1"]
[WhiteElo "2104"]
[BlackElo "2162"]
[PlyCount "80"]
[EventDate "2014.09.27"]
[EventType "team-tourn"]
[EventRounds "7"]
[EventCountry "FIN"]
[SourceTitle "EXT 2017"]
[Source "ChessBase"]
[SourceDate "2016.10.25"]
[SourceVersion "1"]
[SourceVersionDate "2016.10.25"]
[SourceQuality "1"]
[WhiteTeam "Helsinki HSK II"]
[BlackTeam "Mikkeli SK"]
[WhiteTeamCountry "FIN"]
[BlackTeamCountry "FIN"]

1. d4 Nf6 2. c4 g6 3. Nc3 Bg7 4. e4 d6 5. f3 0-0 6. Be3 c5 7. dxc5 dxc5 8. Qxd8 Rxd8 9. Bxc5 Nc6 10. Nge2 b6 11. Ba3 a5 12. Nf4 e6 13. Nd3 Ba6 14. Nb5 Bxb5 15. cxb5 Nd4 16. 0-0-0 Rac8+ 17. Kb1 Nxb5 18. Be7 Rd7 19. Bxf6 Bxf6 20. Nf2 Rxd1+ 21. Nxd1 Rc5 22. Bd3 a4 23. Ne3 Bd4 24. Nc2 Be5 25. g3 g5 26. Rc1 a3 27. Bxb5 axb2 28. Rd1 Rxb5 29. Ne1 Kg7 30. Rd7 Ra5 31. Nd3 Bc3 32. Rc7 Bd4 33. f4 gxf4 34. gxf4 Ra3 35. Nxb2 Re3 36. Nc4 Rxe4 37. f5 exf5 38. Nd6 Re1+ 39. Kc2 Be5 40. Nxf5+ Kf6 0-1

[Event "FIN-chT1 East 1314"]
[Site "Finland"]
[Date "2014.03.08"]
[Round "7.2"]
[White "Hurme, Harri M"]
[Black "Uimonen, Matti"]
[Result "1/2-1/2"]
[WhiteElo "2190"]
[BlackElo "2107"]
[PlyCount "100"]
[EventDate "2013.09.21"]
[EventType "team-tourn"]
[EventRounds "9"]
[EventCountry "FIN"]
[SourceTitle "EXT 2022"]
[Source "ChessBase"]
[SourceDate "2021.10.06"]
[SourceVersion "1"]
[SourceVersionDate "2021.10.06"]
[SourceQuality "1"]
[WhiteTeam "Helsinki SSK"]
[BlackTeam "Helsinki HSK II"]
[WhiteTeamCountry "FIN"]
[BlackTeamCountry "FIN"]

1. d4 d5 2. c4 e6 3. Nc3 Nf6 4. Bg5 Be7 5. e3 0-0 6. Nf3 Nbd7 7. Qc2 c6 8. cxd5 exd5 9. Bd3 Re8 10. 0-0 Nf8 11. Rab1 Ng4 12. Bxe7 Qxe7 13. b4 a6 14. a4 Qd6 15. e4 dxe4 16. Nxe4 Qf4 17. Rfe1 Rd8 18. b5 cxb5 19. axb5 Ne6 20. h3 Nf6 21. Nxf6+ Qxf6 22. bxa6 bxa6 23. Bxh7+ Kh8 24. Be4 Ra7 25. d5 Nf4 26. Rb8 Bd7 27. Qc5 Ra8 28. Rxa8 Rxa8 29. d6 Rd8 30. Rd1 Ne2+ 31. Kh1 Nc3 32. Qh5+ Qh6 33. Qxh6+ gxh6 34. Rd4 Nb5 35. Rd3 Be6 36. Bb7 a5 37. Bc6 Nxd6 38. Ne5 Kg7 39. Ra3 Kf6 40. Rxa5 Rc8 41. f4 Nf5 42. g4 Nd4 43. Be4 Nb3 44. Ra7 Rc1+ 45. Kg2 Ra1 46. Rc7 Rc1 47. Ra7 Ra1 48. Rb7 Nc5 49. Bf3 Nxb7 50. Bxb7 Ra5 1/2-1/2

[Event "FIN-chT1 West 1314"]
[Site "Finland"]
[Date "2013.11.03"]
[Round "4.7"]
[White "Uimonen, Matti"]
[Black "Kangasniemi, Jussi"]
[Result "1-0"]
[WhiteElo "2107"]
[BlackElo "1829"]
[PlyCount "67"]
[EventDate "2013.09.21"]
[EventType "team-tourn"]
[EventRounds "9"]
[EventCountry "FIN"]
[SourceTitle "EXT 2022"]
[Source "ChessBase"]
[SourceDate "2021.10.06"]
[SourceVersion "1"]
[SourceVersionDate "2021.10.06"]
[SourceQuality "1"]
[WhiteTeam "Helsinki HSK"]
[BlackTeam "Pori PSY"]
[WhiteTeamCountry "FIN"]
[BlackTeamCountry "FIN"]

1. d4 Nf6 2. c4 g6 3. Nc3 d5 4. cxd5 Nxd5 5. e4 Nxc3 6. bxc3 Bg7 7. Bc4 c5 8. Ne2 Qa5 9. 0-0 0-0 10. Be3 Nc6 11. h3 e6 12. Rb1 cxd4 13. cxd4 a6 14. a4 Qd8 15. Qd2 Na5 16. Ba2 Bd7 17. d5 exd5 18. Bxd5 Bxa4 19. Qa2 b5 20. Bc5 Rc8 21. Bxf8 Qxf8 22. Rbc1 Bh6 23. Bxf7+ Kh8 24. Rxc8 Qxc8 25. Rc1 Qd8 26. Be6 Qf6 27. Rc8+ Bf8 28. Qd5 h5 29. Qd4 Qxd4 30. Rxf8+ Kg7 31. Rf7+ Kh6 32. Nxd4 b4 33. f4 Nc6 34. Nf5+ 1-0

[Event "FIN Team Cup"]
[Site "Finland"]
[Date "2013.05.11"]
[Round "3.2"]
[White "Ristoja, Jan"]
[Black "Uimonen, Matti"]
[Result "1-0"]
[WhiteElo "2260"]
[BlackElo "2107"]
[PlyCount "89"]
[EventDate "2013.04.06"]
[EventType "team-k.o."]
[EventRounds "6"]
[EventCountry "FIN"]
[SourceTitle "EXT 2022"]
[Source "ChessBase"]
[SourceDate "2021.10.06"]
[SourceVersion "1"]
[SourceVersionDate "2021.10.06"]
[SourceQuality "1"]
[WhiteTeam "Helsinki Garde"]
[BlackTeam "Helsinki HSK II"]
[WhiteTeamCountry "FIN"]
[BlackTeamCountry "FIN"]

1. c4 Nf6 2. g3 g6 3. Bg2 Bg7 4. Nc3 c6 5. e4 d6 6. Nge2 0-0 7. 0-0 Nbd7 8. Rb1 e5 9. d3 Nc5 10. b4 Ne6 11. h3 Nh5 12. b5 Bd7 13. Ba3 c5 14. Bc1 Rb8 15. Nd5 Nf6 16. Nec3 Nxd5 17. Nxd5 f5 18. exf5 Rxf5 19. Rb3 Bc8 20. Ra3 a6 21. bxa6 bxa6 22. Rb3 Rxb3 23. Qxb3 Nd4 24. Qb8 Rf8 25. Be3 Nf5 26. Bd2 Nd4 27. Qxc8 Qxc8 28. Ne7+ Kf7 29. Nxc8 Rxc8 30. Rb1 h6 31. Rb7+ Kg8 32. Bd5+ Kh8 33. Kg2 Nc2 34. Be4 g5 35. Rd7 Bf8 36. Kf3 Re8 37. Rh7+ Kg8 38. Ra7 Re7 39. Rxa6 Kg7 40. Kg2 Nb4 41. Rxd6 Nxa2 42. h4 Re8 43. Rg6+ Kf7 44. hxg5 hxg5 45. Ra6 1-0

[Event "FIN-chT1B 1112"]
[Site "Finland"]
[Date "2011.09.17"]
[Round "1"]
[White "Uimonen, Matti"]
[Black "Hintikka, Eero"]
[Result "1-0"]
[WhiteElo "2098"]
[BlackElo "2110"]
[PlyCount "101"]
[EventDate "2011.09.17"]
[EventType "team-tourn"]
[EventRounds "7"]
[EventCountry "FIN"]
[SourceTitle "EXT 2019"]
[Source "ChessBase"]
[SourceDate "2018.10.10"]
[SourceVersion "1"]
[SourceVersionDate "2018.10.10"]
[SourceQuality "1"]
[WhiteTeam "Helsinki HSK II"]
[BlackTeam "Jyvaskyla JyS"]
[WhiteTeamCountry "FIN"]
[BlackTeamCountry "FIN"]

1. d4 Nf6 2. c4 e6 3. Nf3 Bb4+ 4. Bd2 Qe7 5. Qc2 Nc6 6. Nc3 0-0 7. e3 d6 8. a3 Bxc3 9. Bxc3 e5 10. d5 Nb8 11. Be2 c6 12. dxc6 Nxc6 13. 0-0 Bg4 14. b4 Rfe8 15. Rfd1 e4 16. Bxf6 Qxf6 17. Nd4 Bxe2 18. Qxe2 Rad8 19. Nxc6 bxc6 20. b5 cxb5 21. cxb5 Qc3 22. Qd2 Qc5 23. a4 Re6 24. Rac1 Qg5 25. Qa5 Rg6 26. g3 h5 27. Qxa7 h4 28. Qd4 Qg4 29. Rf1 Re8 30. Qd1 Qh3 31. Rc2 Re5 32. b6 Reg5 33. b7 hxg3 34. b8Q+ Kh7 35. fxg3 Rxg3+ 36. Kh1 Rg2 37. Qh5+ Qxh5 38. Rxg2 Rxg2 39. Kxg2 Qe2+ 40. Kg1 Qxe3+ 41. Kh1 Qd4 42. Qe8 Qd3 43. Qxf7 e3 44. Qh5+ Kg8 45. Rc1 Qe4+ 46. Kg1 Qe6 47. Rb1 g6 48. Rb8+ Kf7 49. Qf3+ Ke7 50. Qf8+ Kd7 51. Qc8+ 1-0

[Event "FIN-chT1B 1011"]
[Site "Finland"]
[Date "2011.01.22"]
[Round "6.4"]
[White "Kahri, Antti"]
[Black "Uimonen, Matti"]
[Result "1-0"]
[WhiteElo "2041"]
[BlackElo "2088"]
[PlyCount "83"]
[EventDate "2010.09.18"]
[EventType "team-tourn"]
[EventRounds "9"]
[EventCountry "FIN"]
[SourceTitle "EXT 2022"]
[Source "ChessBase"]
[SourceDate "2021.10.06"]
[SourceVersion "1"]
[SourceVersionDate "2021.10.06"]
[SourceQuality "1"]
[WhiteTeam "Vantaa Remi"]
[BlackTeam "Helsinki HSK II"]
[WhiteTeamCountry "FIN"]
[BlackTeamCountry "FIN"]

1. e4 d5 2. exd5 Qxd5 3. Nc3 Qd6 4. Bc4 Nf6 5. d3 c6 6. Nge2 Bg4 7. f3 Bf5 8. g4 Be6 9. Bf4 Qd7 10. Bxe6 Qxe6 11. Qd2 b5 12. h4 Nd5 13. 0-0-0 Qd7 14. Rde1 e6 15. Be5 b4 16. Ne4 c5 17. Nf4 Nc6 18. Bxg7 Bxg7 19. Nxc5 Qd6 20. Nfxe6 Be5 21. Ng7+ Kf8 22. Nf5 Qxc5 23. Qh6+ Ke8 24. d4 Nxd4 25. Rxe5+ Kd7 26. Nxd4 Qxd4 27. Qh5 Qf4+ 28. Kb1 Nc7 29. Rf5 Qd2 30. Rxf7+ Kc6 31. Qe5 Nd5 32. Qe6+ Kc5 33. Rd7 Rhc8 34. Qd6+ Kc4 35. Rc1 Rc5 36. Qa6+ Kd4 37. Qf1 Ke5 38. Re1+ Kf6 39. g5+ Kg6 40. Re6+ Kf5 41. Qh3+ Kf4 42. Qg4# 1-0

[Event "FIN-chT1B 1011"]
[Site "Finland"]
[Date "2010.10.17"]
[Round "4.3"]
[White "Uimonen, Matti"]
[Black "Ketola, Ville"]
[Result "1-0"]
[WhiteElo "2088"]
[BlackElo "2136"]
[PlyCount "145"]
[EventDate "2010.09.18"]
[EventType "team-tourn"]
[EventRounds "9"]
[EventCountry "FIN"]
[SourceTitle "EXT 2022"]
[Source "ChessBase"]
[SourceDate "2021.10.06"]
[SourceVersion "1"]
[SourceVersionDate "2021.10.06"]
[SourceQuality "1"]
[WhiteTeam "Helsinki HSK II"]
[BlackTeam "Sastamala VammSK"]
[WhiteTeamCountry "FIN"]
[BlackTeamCountry "FIN"]

1. d4 Nf6 2. c4 e5 3. e3 exd4 4. exd4 Bb4+ 5. Nc3 0-0 6. Bd3 h6 7. Nge2 d5 8. cxd5 Nxd5 9. 0-0 c6 10. Nxd5 Qxd5 11. Be3 Bg4 12. Qc2 Bd6 13. Ng3 Nd7 14. Bc4 Qa5 15. Qg6 Bxg3 16. Bxh6 Be5 17. dxe5 Qxe5 18. Qxg4 Nb6 19. Be3 Nxc4 20. Qxc4 Rfe8 21. Rad1 Re6 22. Rd7 Qxb2 23. Rfd1 Rae8 24. g3 a5 25. Qb3 Qe2 26. Rd8 a4 27. Rxe8+ Rxe8 28. Qd3 Qxa2 29. Qd7 Qe6 30. Qxb7 a3 31. Qa7 a2 32. Ra1 Rd8 33. Rxa2 Rd1+ 34. Kg2 Qd5+ 35. f3 Qd3 36. Rf2 Qb5 37. Qc5 Qb1 38. Qc2 Rg1+ 39. Kh3 Qb5 40. Qc5 Qa6 41. Rd2 Qc8+ 42. g4 Rb1 43. Qg5 f6 44. Qf5 Qxf5 45. gxf5 Rb3 46. Re2 Rc3 47. Kg4 Rc4+ 48. Kh5 Kh7 49. f4 Re4 50. Kg4 Rc4 51. Kf3 Kh6 52. Rd2 Kh7 53. Rd8 Rc2 54. h3 Rh2 55. Kg3 Rc2 56. Rc8 Rc3 57. Kf3 Rc2 58. h4 Rh2 59. Bf2 Rh3+ 60. Bg3 Rh1 61. Rxc6 Rb1 62. Rc7 Rb3+ 63. Kg4 Rb2 64. Rc8 Rb5 65. h5 Rb1 66. h6 gxh6 67. Rc7+ Kg8 68. Kh5 Rb3 69. Bh4 Rb8 70. Bxf6 Rf8 71. Rg7+ Kh8 72. Rf7+ Kg8 73. Rxf8+ 1-0

[Event "FIN-chT 0910"]
[Site "Finland"]
[Date "2010.03.20"]
[Round "8.8"]
[White "Hynninen, Juha"]
[Black "Uimonen, Matti"]
[Result "0-1"]
[WhiteElo "2139"]
[BlackElo "2070"]
[PlyCount "122"]
[EventDate "2009.09.19"]
[EventType "team-tourn"]
[EventRounds "9"]
[EventCountry "FIN"]
[SourceTitle "EXT 2022"]
[Source "ChessBase"]
[SourceDate "2021.10.06"]
[SourceVersion "1"]
[SourceVersionDate "2021.10.06"]
[SourceQuality "1"]
[WhiteTeam "Salo SK"]
[BlackTeam "Helsinki HSK"]
[WhiteTeamCountry "FIN"]
[BlackTeamCountry "FIN"]

1. d4 Nf6 2. c4 g6 3. Nc3 Bg7 4. e4 d6 5. f3 0-0 6. Be3 Nc6 7. Nge2 e5 8. Qd2 a6 9. d5 Ne7 10. Nc1 Ne8 11. Be2 f5 12. 0-0 f4 13. Bf2 g5 14. c5 Ng6 15. b4 h5 16. b5 Kh7 17. cxd6 cxd6 18. Na4 g4 19. bxa6 bxa6 20. Bb6 Qh4 21. Rd1 g3 22. h3 Rg8 23. Bf1 Qg5 24. Nd3 Bf6 25. Ne1 Bd7 26. Nc3 Bd8 27. Rab1 Rb8 28. Bxd8 Qxd8 29. Rxb8 Qxb8 30. Rb1 Qc7 31. Kh1 Qc8 32. Rc1 Qb7 33. Rb1 Qc8 34. Rc1 Qb7 35. Nd3 Nh4 36. Ne1 Qa7 37. a4 Rg7 38. a5 Nc7 39. Rc2 Qb8 40. Rb2 Qc8 41. Rc2 Bxh3 42. gxh3 g2+ 43. Bxg2 Rxg2 44. Qxg2 Nxg2 45. Kxg2 Qd7 46. Rb2 Qg7+ 47. Kf1 Qg3 48. Rb6 Qxh3+ 49. Kf2 Qh2+ 50. Kf1 Qd2 51. Rc6 Ne8 52. Ng2 Qc1+ 53. Kf2 Qb2+ 54. Ne2 Qb5 55. Rc8 Ng7 56. Nh4 Qxa5 57. Rc6 Qd8 58. Ng2 a5 59. Ng1 a4 60. Ra6 Qd7 61. Nh4 Qb5 0-1

[Event "FIN-chT1B 0809"]
[Site "Finland"]
[Date "2008.10.??"]
[Round "1.4"]
[White "Salimaki, Janne"]
[Black "Uimonen, Matti"]
[Result "1-0"]
[WhiteElo "2182"]
[BlackElo "2070"]
[PlyCount "129"]
[EventDate "2008.10.??"]
[EventType "team-tourn"]
[EventRounds "5"]
[EventCountry "FIN"]
[SourceTitle "EXT 2022"]
[Source "ChessBase"]
[SourceDate "2021.10.06"]
[SourceVersion "1"]
[SourceVersionDate "2021.10.06"]
[SourceQuality "1"]
[WhiteTeam "Espoo MatSK II"]
[BlackTeam "Helsinki HSK II"]
[WhiteTeamCountry "FIN"]
[BlackTeamCountry "FIN"]

1. e4 d5 2. exd5 Qxd5 3. Nf3 Bf5 4. Be2 e6 5. d4 Nf6 6. 0-0 Be7 7. c4 Qd8 8. Nc3 0-0 9. Nh4 Re8 10. Nxf5 exf5 11. Be3 c6 12. Qc2 g6 13. Rad1 Nbd7 14. Bf3 Qc7 15. g3 Rad8 16. a3 Ng4 17. Bf4 Bd6 18. Bg5 Be7 19. Bf4 Bd6 20. Bc1 Bf8 21. b4 Bg7 22. c5 Nf8 23. d5 Ne5 24. Bg2 b6 25. dxc6 bxc5 26. Nd5 Qc8 27. Bg5 Rxd5 28. Rxd5 Ne6 29. Be3 Nxc6 30. bxc5 f4 31. gxf4 Ncd4 32. Qd1 Nf5 33. Qg4 h5 34. Qh3 Qa6 35. Rxf5 gxf5 36. Qxf5 h4 37. Rb1 Qxa3 38. Be4 Qa4 39. Rb7 Nd8 40. Qh7+ Kf8 41. Bc2 Qa5 42. Rb1 Qc3 43. Qd3 Qa5 44. f5 Qc7 45. Qd6+ Qxd6 46. cxd6 Re5 47. Rb8 Bf6 48. Kg2 Ra5 49. Ra8 Ra2 50. Be4 Ra4 51. Kf3 Ra3 52. Rxa7 Rxa7 53. Bxa7 Be5 54. Bc5 Ke8 55. h3 Kd7 56. Kg4 Bxd6 57. Bd4 Be7 58. f6 Bf8 59. Kxh4 Ne6 60. Bf5 Kd6 61. Bxe6 Kxe6 62. Kg5 Ba3 63. h4 Bc1+ 64. f4 Kd5 65. Be5 1-0

[Event "FIN-chT1B 0607"]
[Site "Finland"]
[Date "2007.01.13"]
[Round "5.7"]
[White "Uimonen, Matti"]
[Black "Katajainen, Kimmo"]
[Result "1-0"]
[WhiteElo "2096"]
[BlackElo "2037"]
[PlyCount "89"]
[EventDate "2006.09.16"]
[EventType "team-tourn"]
[EventRounds "7"]
[EventCountry "FIN"]
[SourceTitle "EXT 2022"]
[Source "ChessBase"]
[SourceDate "2021.10.06"]
[SourceVersion "1"]
[SourceVersionDate "2021.10.06"]
[SourceQuality "1"]
[WhiteTeam "Helsinki HSK II"]
[BlackTeam "Helsinki KS 58"]
[WhiteTeamCountry "FIN"]
[BlackTeamCountry "FIN"]

1. d4 Nf6 2. c4 e6 3. Nf3 d6 4. Nc3 Be7 5. e4 b6 6. Bd3 Bb7 7. 0-0 h6 8. h3 0-0 9. Nh2 e5 10. d5 Nbd7 11. Be3 Nc5 12. Bc2 Ba6 13. b4 Ncd7 14. Bd3 Bc8 15. Qd2 Nh7 16. Ne2 Bg5 17. f4 exf4 18. Nxf4 Ne5 19. Nf3 Bf6 20. Rae1 Nxd3 21. Nxd3 Re8 22. Bd4 Bh4 23. Nxh4 Qxh4 24. Rf4 Qg5 25. Qf2 f6 26. Re3 Qh5 27. g4 Qg6 28. Qg3 Ng5 29. Nf2 Bd7 30. h4 Nf7 31. h5 Qh7 32. c5 bxc5 33. bxc5 c6 34. cxd6 cxd5 35. Bxf6 gxf6 36. Rxf6 dxe4 37. Rg6+ Kh8 38. Rxe4 Qxg6 39. hxg6 Ng5 40. Qc3+ Kg8 41. Re7 Rxe7 42. dxe7 Re8 43. Qf6 Be6 44. Ne4 Bxa2 45. Nd6 1-0